देश के गौरव भारत रतन/ (Record no. 200474)

MARC details
000 -LEADER
fixed length control field 00707nam a22001817a 4500
005 - DATE AND TIME OF LATEST TRANSACTION
control field 20240131171609.0
010 ## - LCCN (DPL NO)
LC control number HIN-126668
020 ## - INTERNATIONAL STANDARD BOOK NUMBER
International Standard Book Number 9789395417020
Terms of availability 495.00
035 ## - SYSTEM CONTROL NUMBER
System control number HN-99014
037 ## - SOURCE OF ACQUISITION
Source of stock number/acquisition DBAD/PUB
082 ## - DEWEY DECIMAL CLASSIFICATION NUMBER
Classification number 920
100 ## - MAIN ENTRY--PERSONAL NAME
Personal name शर्मा,राकेश
245 ## - TITLE STATEMENT
Title देश के गौरव भारत रतन/
Statement of responsibility, etc राकेश शर्मा
260 ## - PUBLICATION, DISTRIBUTION, ETC. (IMPRINT)
Place of publication, distribution, etc दिल्ली
Name of publisher, distributor, etc जाह्नवी प्रकाशन
Date of publication, distribution, etc 2021
270 ## - ADDRESS
Address ए-71 विवेक विहार फेज -2
City दिल्ली
Postal code 110095
300 ## - PHYSICAL DESCRIPTION
Extent 232 पृ.;
Dimensions 22 सेमी.(सजिल्द)
942 ## - ADDED ENTRY ELEMENTS (KOHA)
Source of classification or shelving scheme Dewey Decimal Classification
Item type Hindi Books
Classification part 920
Call number suffix शर्मारा
Holdings
Withdrawn status Lost status Not for loan Collection code Home library Current library Date acquired Source of acquisition Cost, normal purchase price Full call number Barcode Copy number Cost, replacement price Koha item type
      Non-fiction Sarojini Nagar Sarojini Nagar 31/01/2024 DBAD/PUB 495.00 920 शर्मारा HN-99014 1 495.00 Hindi Books

© Delhi Public Library
Hit Counter
free hit counter